Liedtext-InuYasha-Flieg durch die Zeit - Statistiken

Allgemein
  • Dieses Quiz wurde 41 mal gespielt
  • Das Durchschnittsergebnis liegt bei 99 aus 126
Antwortstatistiken
Antwort % Korrekt
bereit
100%
die
100%
Du
100%
du
100%
durch
100%
Sei
100%
sei
100%
Zeit
100%
flieg
94%
Flieg
94%
zu
94%
zurück
94%
Augenblick
88%
da
88%
Ein
88%
ein
88%
nicht
88%
schau
88%
das
82%
eine
82%
und
82%
erwacht
76%
es
76%
Geheimnis
76%
jeden
76%
Raum
76%
am
71%
Dunkelheit
71%
Ende
71%
geheimnis
71%
in
71%
ist
71%
Kraft
71%
begleitet
65%
dein
65%
denn
65%
der
65%
dich
65%
fremde
65%
führt
65%
Leben
65%
Licht
65%
neue
65%
seine
65%
spürst
65%
Welt
65%
zum
65%
dir
59%
einer
59%
entfacht
59%
Feuer
59%
hat
59%
Macht
59%
Weg
59%
weißt
59%
bist
53%
Kampf
53%
kannst
53%
längst
53%
sehen
53%
um
53%
vergangenen
53%
vergessener
53%
Wirklichkeit
53%
deine
47%
mit
47%
werden
47%
aus
41%
bestehen
41%
diesen
41%
jedem
41%
Juwel
41%
Schritt
41%
Test
41%
Bann
35%
näherst
24%
Keine übereinstimmenden Quizze gefunden
Verteilung der Resultate
Anzahl Personen mit jedem Resultat
Perzentil nach korrekt beantworteten Fragen
Ihre Resultats-Entwicklung
Sie haben dieses Quiz noch nicht gespielt